Представление документа в формате RUSMARC

ПолеНазваниеЗначение
  Тип записи i
  Библиографический уровень m
001 Контрольный номер RU/IS/BASE/565183091
005 Дата корректировки 20250214150144.6
010 Индекс ISBN __
d Цена 357-84
100 Данные общей обработки __
a Данные общей обработки 19171128d2010||||||| 0rusy0189 ca
101 Язык документа 1_
a Язык текста rus
c Язык оригинала eng
102 Страна публикации __
a Страна публикации RU|
105 Кодированные данные (монография) __
a Кодированные данные (монография) nn|||||||f|zy
127 Кодированные данные (звукозаписи-физические характеристики) __
a Продолжительность проигрывания 15 ч
200 Заглавие и сведения об ответственности 1_
a Заглавие Стервы большого города
e Сведения, относящиеся к заглавию хищницы выходят на охоту за успехом! : [аудиокнига]
f Первые сведения об ответственности Кэндес Бушнелл ; [читает Елена Кипнис]
b Общее обозначение материала Звукозапись
210 Выходные данные 1_
a Место издания Москва
c Издательство Аудиокнига
d Дата издания 2010
215 Физическое описание __
a Объем 2 электрон. опт. диска (Audio CD)
c Иллюстрации/тип воспроизводства mp3
d Формат 12х14 см
225 Серия 2_
a Серия Аудиокнига
225 Серия 2_
a Серия Бестселлер
230 Специфическая характеристика материала: электронные ресурсы __
a Обозначение и объем ресурса Электронные звуковые данные
300 Общие примечания __
a Общие примечания Заглавие с этикетки диска
323 Примечание о главных создателях, исполнителях, участниках __
a Примечание о главных создателях, исполнителях, участниках Кипнис, Е (читает)
330 Аннотация __
a Аннотация Стать королевой большого города - мало. Главное - удержаться на троне! Это хорошо понимает дизайнер одежды Виктория... В этом уверена редактор глянцевого журнала Нико... Это - жизненный принцип продюсера Венди... Они безжалостно уничтожают конкурентов и расчетливо манипулируют мужчинами. Они знают - в борьбе за славу и деньги нет запрещенных приемов. Они привыкли побеждать в бизнесе, но почему же в личной жизни их методы срабатывают далеко не всегда? И легко ли мужчинам, пытающимся любить хищниц большого города?
333 Примечание о целевом назначении __
a Примечание о целевом назначении 16+. Для детей старше 16 лет
337 Примечание о системных требованиях (электронные ресурсы) __
a Примечание о системных требованиях (электронные ресурсы) Системные требования: CD-плеер с поддержкой MP3, или Pentium-233 c Windows 9x-XP ; CD-ROM ; звуковая карта
606 Тематические рубрики __
a Основная рубрика Художественная литература
606 Тематические рубрики __
a Основная рубрика Литература Америки (произведения)
y Географическая подрубрика США
610 Ключевые слова 0_
a Ключевые слова американская литература
a Ключевые слова женская проза
a Ключевые слова зарубежная литература
a Ключевые слова иностранная литература
a Ключевые слова романы
a Ключевые слова современная литература
a Ключевые слова тема бизнеса
a Ключевые слова тема взаимоотношений
a Ключевые слова тема женщины
a Ключевые слова тема любви
a Ключевые слова тема мужчины
a Ключевые слова тема секса
686 Индексы других классификаций __
2 Код системы rubbks
a Классификационный индекс 84(7Сое)6-4я04
700 Автор _1
a Фамилия Бушнелл
b Имя К.
f Даты 1958-
g Полное личное имя Кэндес
4 Код отношения 070
801 Источник записи _0
a Страна RU
b Организация Муниципальное бюджетное учреждение культуры "Централизованная библиотечная система" г. Сургут (Центральная городская библиотека им. А. С. Пушкина)
c Дата составления 20171128
g Правила каталогизации RCR
801 Источник записи _1
a Страна RU
b Организация Муниципальное бюджетное учреждение культуры "Централизованная библиотечная система" г. Сургут (Центральная городская библиотека им. А. С. Пушкина)
c Дата составления 20171128
g Правила каталогизации RCR
852 Данные о местонахождении __
j Шифр хранения 84(7Сое)6-4я04
i Авторский знак Б 94
901 Тип документа __
t Тип документа 0
a Ответственный КиК/Апакова
903 Характеристики (МАРС) __
a Дата передачи 20171128
969 Тип издания __
a Тип издания аудиокнига; издание для слепых
990 Данные о заказе (DOS) __
j Количество экземпляров (DOS) 2
t N записи в КСУ для И/У (DOS) 201801